=LDR 00000nam 2200000 4500 =001 INLIS000000000061736 =005 20221227103049 =035 ##$$a 0010-1122000117 =007 ta =008 221227###########################0###### =082 ##$$a 382.459 865 =084 ##$$a 382.459 865 NUS p =245 1#$$a Profil komoditi Ekspor Daerah Nusa Tenggara Barat 2018 =260 ##$$a Mataram :$b Dinas Perdagangan Prov. Nusa Tenggara Barat,$c 2018 =300 ##$$a I, 25 halaman : $b Ilustrasi ; $c 18 cm =650 #4$$a Komoditi Exspor - NTB =110 ##$$a Nusa Tenggara Barat, Dinas Perdagangan =990 ##$$a 449/51/2022 =990 ##$$a 449/51/2022 =990 ##$$a 449/51/2022